[Event "TUR Cup"]
[Site "Adapazari"]
[Date "2022.03.28"]
[Round "5"]
[White "Sari, Engin"]
[Black "Koc, Yasar Dogu"]
[Result "1-0"]
[WhiteElo "1443"]
[BlackElo "1095"]
[PlyCount "71"]
[EventDate "2022.03.25"]
[EventType "swiss"]
[EventRounds "11"]
[EventCountry "TUR"]
[SourceTitle "EXT 2023"]
[Source "ChessBase"]
[SourceDate "2022.10.05"]
[SourceVersion "1"]
[SourceVersionDate "2022.10.05"]
[SourceQuality "1"]

1. e4 c6 2. d4 d5 3. Nc3 dxe4 4. Nxe4 Nd7 5. Nf3 Ngf6 6. Ng3 e6 7. Bd3 Bd6 8. 0-0 0-0 9. Re1 Qc7 10. c3 b6 11. Qe2 Bb7 12. Bg5 c5 13. Ne4 c4 14. Bc2 Nd5 15. Nxd6 Qxd6 16. Qe4 g6 17. Qh4 f5 18. Bd2 Rae8 19. Ng5 N7f6 20. Re5 Re7 21. Rae1 Rfe8 22. Ba4 Bc6 23. Bxc6 Qxc6 24. Nf3 Ng4 25. R5e2 Kg7 26. Bg5 Rf7 27. h3 h6 28. hxg4 hxg5 29. Qxg5 Rf6 30. Ne5 Qc7 31. gxf5 exf5 32. Ng4 Qf4 33. Qxf4 Nxf4 34. Rxe8 fxg4 35. R8e7+ Kh6 36. Rxa7 1-0

[Event "TUR Cup"]
[Site "Adapazari"]
[Date "2022.03.25"]
[Round "1"]
[White "Sari, Engin"]
[Black "Bacak, Muhammed Kaan"]
[Result "0-1"]
[WhiteElo "1443"]
[BlackElo "2137"]
[PlyCount "116"]
[EventDate "2022.03.25"]
[EventType "swiss"]
[EventRounds "11"]
[EventCountry "TUR"]
[SourceTitle "EXT 2023"]
[Source "ChessBase"]
[SourceDate "2022.10.05"]
[SourceVersion "1"]
[SourceVersionDate "2022.10.05"]
[SourceQuality "1"]

1. e4 d6 2. d4 g6 3. Nc3 Bg7 4. Nf3 Nf6 5. Bg5 c6 6. Be2 Qc7 7. 0-0 Nbd7 8. Re1 h6 9. Be3 b5 10. a3 0-0 11. Qd2 Kh7 12. h3 Bb7 13. Rad1 a5 14. b4 axb4 15. axb4 Ra3 16. Bd3 Nb6 17. Bf4 Nh5 18. Bh2 e5 19. dxe5 dxe5 20. Bxb5 Bc8 21. Bf1 Be6 22. b5 Nf4 23. Re3 Qc8 24. Nb1 Ra7 25. bxc6 Qxc6 26. Qc3 Rc8 27. Qxc6 Rxc6 28. c3 Ra1 29. Ree1 Rc5 30. Bxf4 exf4 31. Nd4 Na4 32. Nxe6 fxe6 33. c4 g5 34. Nd2 Rxd1 35. Rxd1 Nc3 36. Rc1 Rc7 37. f3 Bd4+ 38. Kh2 Kg6 39. Nb1 Na4 40. Na3 Bc5 41. Nb5 Rd7 42. Be2 Rd2 43. Bd1 Nb2 44. Bb3 Kf6 45. Rb1 Ke5 46. Kh1 h5 47. Kh2 Bf2 48. Kh1 g4 49. hxg4 hxg4 50. fxg4 Kf6 51. Nc7 Rd7 52. e5+ Kxe5 53. g3 f3 54. Bc2 Rd8 55. Bg6 Nxc4 56. Rf1 Rd2 57. Bh5 Ne3 58. Rc1 Bxg3 0-1

[Event "Ankara Ipek Memorial 8th"]
[Site "Ankara"]
[Date "2020.03.08"]
[Round "7"]
[White "Yenice, Yusuf Erkan"]
[Black "Sari, Engin"]
[Result "1-0"]
[WhiteElo "1514"]
[BlackElo "1457"]
[PlyCount "135"]
[EventDate "2020.03.04"]
[EventType "swiss"]
[EventRounds "7"]
[EventCountry "TUR"]
[SourceTitle "CBM 195 Extra"]
[Source "ChessBase"]
[SourceDate "2020.05.31"]
[SourceVersion "1"]
[SourceVersionDate "2020.05.31"]
[SourceQuality "1"]

1. e4 Nc6 2. Nf3 f5 3. e5 d6 4. Bb5 dxe5 5. Bxc6+ bxc6 6. Nxe5 Qd5 7. Nf3 Qe6+ 8. Qe2 Qxe2+ 9. Kxe2 g6 10. Re1 Bg7 11. Kf1 Nf6 12. d3 Nd5 13. a3 Rb8 14. c4 Nb6 15. Nc3 Nd7 16. Na4 Rb3 17. Bg5 e5 18. Rad1 0-0 19. Bc1 Ba6 20. Kg1 Rbb8 21. b4 Rbe8 22. Bb2 Bf6 23. Nd2 Nb6 24. Nc5 Bc8 25. a4 Re7 26. a5 Nd7 27. Ndb3 Rfe8 28. f3 Kf7 29. Re2 h5 30. Rde1 g5 31. Kf1 Nf8 32. d4 exd4 33. Bxd4 Ne6 34. Bxf6 Kxf6 35. g3 Nxc5 36. Nxc5 Rxe2 37. Rxe2 Rxe2 38. Kxe2 Ke5 39. Ke3 f4+ 40. gxf4+ gxf4+ 41. Kd3 Bh3 42. Nb3 Bf5+ 43. Kc3 Bd7 44. h4 Bf5 45. Nc5 Bh3 46. Nd3+ Kf5 47. Kd4 Bf1 48. Ne1 Be2 49. Kc5 Bf1 50. Kxc6 Bxc4 51. Kxc7 Ke5 52. Kb7 a6 53. Kb6 Be2 54. Kc5 Bf1 55. Nc2 Bh3 56. Nd4 Bc8 57. b5 axb5 58. Nxb5 Bb7 59. Nd4 Ba8 60. a6 Kf6 61. Kd6 Kg6 62. Nc6 Kf6 63. Kc7 Kf5 64. Kd6 Kf6 65. Nd4 Kg6 66. Ke5 Kf7 67. Kxf4 Kf6 68. Nb5 1-0

[Event "Ankara op 02"]
[Site "Ankara"]
[Date "2020.02.15"]
[Round "2"]
[White "Sari, Engin"]
[Black "Herdem, Talha"]
[Result "1-0"]
[WhiteElo "1446"]
[BlackElo "1196"]
[PlyCount "113"]
[EventDate "2020.02.14"]
[EventType "swiss"]
[EventRounds "7"]
[EventCountry "TUR"]
[SourceTitle "CBM 195 Extra"]
[Source "ChessBase"]
[SourceDate "2020.05.31"]
[SourceVersion "1"]
[SourceVersionDate "2020.05.31"]
[SourceQuality "1"]

1. e4 c5 2. Nf3 Nc6 3. Bb5 e6 4. 0-0 a6 5. Bxc6 bxc6 6. d4 cxd4 7. Qxd4 d5 8. exd5 cxd5 9. Nc3 Nf6 10. Bg5 Be7 11. Rfe1 0-0 12. Rad1 Bb7 13. Na4 Qc7 14. Rd3 Ne4 15. Bxe7 Qxe7 16. Nb6 Rad8 17. Ne5 f6 18. Ned7 Rfe8 19. f3 Nd6 20. Nc5 e5 21. Qa4 Nc4 22. Nxc4 dxc4 23. Qxc4+ Kh8 24. Nxb7 Qxb7 25. Qb3 Qxb3 26. Rxb3 Rd2 27. Rc3 Kg8 28. Rc7 Kf8 29. Kf1 Re7 30. Rc6 Rb7 31. b3 a5 32. a4 Ke7 33. Re2 Rd6 34. Rc5 Ra7 35. Ke1 h6 36. Rd2 Rxd2 37. Kxd2 Kd6 38. Rb5 Kc6 39. Kc3 Rc7 40. Kd3 Rd7+ 41. Ke3 Rc7 42. Rxa5 Kb6 43. Rb5+ Kc6 44. c4 Rd7 45. Rd5 Rb7 46. Rd3 Kc5 47. Kd2 Rb4 48. Kc3 Rb7 49. b4+ Kc6 50. b5+ Kc5 51. Rd5+ Kb6 52. Kb4 Kc7 53. c5 Kc8 54. c6 Rc7 55. Kc5 Ra7 56. b6 Rxa4 57. b7+ 1-0

[Event "Ankara op 02"]
[Site "Ankara"]
[Date "2020.02.15"]
[Round "3"]
[White "Smirnov, Matvey"]
[Black "Sari, Engin"]
[Result "1/2-1/2"]
[WhiteElo "1374"]
[BlackElo "1446"]
[PlyCount "121"]
[EventDate "2020.02.14"]
[EventType "swiss"]
[EventRounds "7"]
[EventCountry "TUR"]
[SourceTitle "CBM 195 Extra"]
[Source "ChessBase"]
[SourceDate "2020.05.31"]
[SourceVersion "1"]
[SourceVersionDate "2020.05.31"]
[SourceQuality "1"]

1. e4 Nc6 2. Nf3 e5 3. Bc4 Nf6 4. Nc3 Bc5 5. Bb3 d6 6. d3 0-0 7. 0-0 h6 8. h3 a6 9. Be3 Nd4 10. Kh1 Bd7 11. Rg1 Nxb3 12. axb3 Bxe3 13. fxe3 Nh7 14. d4 f6 15. dxe5 fxe5 16. Qd5+ Kh8 17. Qxb7 Bxh3 18. Raf1 Bg4 19. Nh2 Qc8 20. Rxf8+ Nxf8 21. Qxc8 Bxc8 22. Nd5 Ne6 23. Rf1 Bd7 24. Rf7 Rd8 25. Nf3 Kg8 26. Re7 Nf8 27. Nh4 Re8 28. Rxe8 Bxe8 29. Nxc7 Bc6 30. Nxa6 Bxe4 31. c4 Ne6 32. b4 Bd3 33. b3 Bc2 34. b5 Bxb3 35. b6 Nd8 36. c5 Bc4 37. Nc7 dxc5 38. Nf5 Nb7 39. Ne7+ Kf7 40. Nc6 Kf6 41. e4 Kg5 42. Nxe5 Bb3 43. g3 Bc2 44. Nf3+ Kg4 45. Nd2 Kxg3 46. e5 Bg6 47. Nc4 Be4+ 48. Kg1 g5 49. Nd6 Kf4 50. Nxb7 Kxe5 51. Nxc5 Bf3 52. Kf2 g4 53. Ke3 Kd6 54. N7e6 h5 55. Kd4 Bc6 56. Nf4 Ba8 57. Nxh5 Kc6 58. Nd7 Kxd7 59. Kc5 Ke6 60. Nf4+ Ke5 61. Ne2 1/2-1/2

[Event "TUR Cup"]
[Site "Antalya"]
[Date "2019.02.02"]
[Round "10"]
[White "Sari, Engin"]
[Black "Temel, Mustafa"]
[Result "0-1"]
[WhiteElo "1480"]
[BlackElo "1621"]
[PlyCount "84"]
[EventDate "2019.01.27"]
[EventType "swiss"]
[EventRounds "11"]
[EventCountry "TUR"]
[SourceTitle "CBM 188 Extra"]
[Source "ChessBase"]
[SourceDate "2019.02.26"]
[SourceVersion "1"]
[SourceVersionDate "2019.02.26"]
[SourceQuality "1"]

1. c4 Nf6 2. Nc3 e6 3. g3 c5 4. Bg2 Nc6 5. e3 d5 6. cxd5 exd5 7. d4 cxd4 8. exd4 Bb4 9. a3 Qa5 10. Nge2 Ne4 11. 0-0 Bxc3 12. Nxc3 Nxc3 13. bxc3 Qxc3 14. Re1+ Be6 15. Rb1 0-0 16. Rxb7 Qxd4 17. Bb2 Qxd1 18. Rxd1 Rfd8 19. Ba1 Rab8 20. Rc7 Rb6 21. Rc1 Rdb8 22. Bc3 Rb1 23. Bd2 Rxc1+ 24. Bxc1 Nd4 25. Kf1 a5 26. Ke1 h6 27. Be3 Rb1+ 28. Rc1 Nc2+ 29. Ke2 Rb2 30. Bd2 Nxa3 31. Kd3 Nc4 32. Be1 a4 33. Kd4 Nb6 34. Bf1 a3 35. Bd3 a2 36. f4 g6 37. f5 Bxf5 38. Bc3 Rb1 39. Rxb1 axb1Q 40. Bxb1 Bxb1 41. Ba5 Nc4 42. Bc7 Be4 0-1

[Event "TUR Cup"]
[Site "Antalya"]
[Date "2019.01.31"]
[Round "8"]
[White "Erim, Engin"]
[Black "Sari, Engin"]
[Result "1-0"]
[WhiteElo "1615"]
[BlackElo "1480"]
[PlyCount "121"]
[EventDate "2019.01.27"]
[EventType "swiss"]
[EventRounds "11"]
[EventCountry "TUR"]
[SourceTitle "CBM 188 Extra"]
[Source "ChessBase"]
[SourceDate "2019.02.26"]
[SourceVersion "1"]
[SourceVersionDate "2019.02.26"]
[SourceQuality "1"]

1. d4 Nf6 2. c4 e5 3. dxe5 Ng4 4. Bf4 Nc6 5. Nf3 Bb4+ 6. Nbd2 Qe7 7. e3 Ngxe5 8. Nxe5 Nxe5 9. Be2 0-0 10. 0-0 d6 11. Nb3 Bf5 12. a3 Bc5 13. Nxc5 dxc5 14. Qd5 Rfe8 15. Rfd1 Bc2 16. Rdc1 Ba4 17. Qxe5 Qxe5 18. Bxe5 Rxe5 19. b3 Bc6 20. Rd1 a5 21. Rd2 Kf8 22. Bf3 Bxf3 23. gxf3 Rg5+ 24. Kf1 Rh5 25. Kg2 Rg5+ 26. Kh3 Ra6 27. Kh4 Rag6 28. Rd5 Rg2 29. Kh3 Rxf2 30. Rxc5 Rxf3+ 31. Kh4 Rxe3 32. Rxc7 Rd6 33. Rg1 Rd4+ 34. Rg4 Rxg4+ 35. Kxg4 Rxb3 36. c5 g6 37. Kf4 Kg7 38. Ke5 Kf8 39. a4 Ke8 40. Kf6 h5 41. h4 Rf3+ 42. Ke5 Rb3 43. Kd6 Rd3+ 44. Ke5 Rd7 45. Rc8+ Ke7 46. Ra8 f6+ 47. Ke4 g5 48. Rxa5 Ke6 49. hxg5 h4 50. gxf6 Kxf6 51. Rb5 Rg7 52. a5 h3 53. Rb2 Rg2 54. Rxb7 Kg6 55. Rb8 Kg7 56. Rb3 Rg5 57. Rxh3 Rxc5 58. Ra3 Rc8 59. a6 Kf6 60. a7 Ra8 61. Kd5 1-0

[Event "TUR Cup"]
[Site "Antalya"]
[Date "2019.01.29"]
[Round "4"]
[White "Fazla, Onder Zafer"]
[Black "Sari, Engin"]
[Result "1-0"]
[WhiteElo "1649"]
[BlackElo "1480"]
[PlyCount "65"]
[EventDate "2019.01.27"]
[EventType "swiss"]
[EventRounds "11"]
[EventCountry "TUR"]
[SourceTitle "CBM 188 Extra"]
[Source "ChessBase"]
[SourceDate "2019.02.26"]
[SourceVersion "1"]
[SourceVersionDate "2019.02.26"]
[SourceQuality "1"]

1. Nf3 Nf6 2. g3 d5 3. d4 Bf5 4. c4 c6 5. Nc3 Nbd7 6. cxd5 cxd5 7. Nh4 Bg6 8. Nxg6 hxg6 9. Qa4 a6 10. Bg2 b5 11. Qb3 e6 12. 0-0 Bd6 13. e4 dxe4 14. Bg5 Qb6 15. Nxe4 Nxe4 16. Bxe4 Rc8 17. Bxg6 Rc4 18. Bd3 Rc8 19. Rac1 0-0 20. Be3 Qb8 21. Rxc8 Rxc8 22. Rc1 Rxc1+ 23. Bxc1 Nf6 24. Be3 Nd5 25. Be4 Nf6 26. Qc2 Nd5 27. Bxd5 exd5 28. Qc6 a5 29. Qxd5 a4 30. Qc6 g6 31. f4 Kf8 32. d5 Ke7 33. Bc5 1-0

[Event "TUR Cup"]
[Site "Antalya"]
[Date "2019.01.28"]
[Round "3"]
[White "Sari, Engin"]
[Black "Baspinar, Mehmet"]
[Result "0-1"]
[WhiteElo "1480"]
[BlackElo "1558"]
[PlyCount "90"]
[EventDate "2019.01.27"]
[EventType "swiss"]
[EventRounds "11"]
[EventCountry "TUR"]
[SourceTitle "CBM 188 Extra"]
[Source "ChessBase"]
[SourceDate "2019.02.26"]
[SourceVersion "1"]
[SourceVersionDate "2019.02.26"]
[SourceQuality "1"]

1. e4 e6 2. d4 b6 3. Nc3 Bb7 4. Nf3 Bb4 5. Bd3 Ne7 6. a3 Bxc3+ 7. bxc3 h6 8. 0-0 d5 9. e5 Nd7 10. Nd2 c5 11. Qg4 g6 12. f4 Qc7 13. a4 c4 14. Be2 0-0-0 15. Ba3 Nf5 16. Qh3 h5 17. Nf3 Nb8 18. Ng5 Nc6 19. Rfb1 Ba6 20. Bb4 Nxb4 21. Rxb4 Qe7 22. Rab1 Rdf8 23. Nf3 Kc7 24. a5 b5 25. Nd2 Kc6 26. Nxc4 bxc4 27. Bxc4 Qxb4 28. Bxd5+ exd5 29. cxb4 Bc4 30. b5+ Kb7 31. Qa3 Rc8 32. c3 Rhe8 33. Qa4 Re7 34. Kf2 Bd3 35. Qb4 Bxb1 36. h3 h4 37. Qxb1 Rxc3 38. a6+ Kb6 39. Qa2 Rc4 40. Kf3 Rc3+ 41. Kf2 Rc4 42. Kf3 Nxd4+ 43. Ke3 Nc2+ 44. Kf3 Nd4+ 45. Kg4 Ne6 0-1

[Event "TUR Cup										"]
[Site "Antalya"]
[Date "2018.01.28"]
[Round "3"]
[White "Sari, Engin"]
[Black "Caglar, Mehmet Halil"]
[Result "0-1"]
[WhiteElo "1437"]
[BlackElo "1748"]
[PlyCount "139"]
[EventDate "2018.01.27"]
[EventType "swiss"]
[EventRounds "11"]
[EventCountry "TUR"]
[SourceTitle "CBM 182 Extra"]
[Source "ChessBase"]
[SourceDate "2018.02.23"]
[SourceVersion "1"]
[SourceVersionDate "2018.02.23"]
[SourceQuality "1"]

1. e4 e5 2. Nf3 Nc6 3. d4 exd4 4. Nxd4 d6 5. Nc3 Nf6 6. Bb5 Bd7 7. 0-0 Be7 8. Be3 0-0 9. f3 Nxd4 10. Bxd4 c6 11. Bd3 Nh5 12. Ne2 b5 13. c3 c5 14. Be3 g6 15. Qd2 Ng7 16. Nf4 Bc6 17. Bc2 Ne6 18. Nd5 Bxd5 19. Qxd5 Qc7 20. Rad1 Rfd8 21. f4 Qa5 22. f5 Nc7 23. Qd2 gxf5 24. a3 Qa6 25. Qf2 Qc8 26. e5 Qe6 27. exd6 Bxd6 28. Bxf5 Qe5 29. g3 Nd5 30. Bh6 Bf8 31. Bxf8 Rxf8 32. Rde1 Qc7 33. Qf3 Ne7 34. Be4 Rad8 35. Qg4+ Ng6 36. h4 Kh8 37. h5 Ne5 38. Qf5 f6 39. Rd1 Qg7 40. Rxd8 Rxd8 41. Qxf6 Qxf6 42. Rxf6 Rd1+ 43. Kg2 Rd2+ 44. Rf2 Rxf2+ 45. Kxf2 Nc4 46. Bd3 Nxb2 47. Bxb5 Nd1+ 48. Kf3 Nxc3 49. Bc4 Kg7 50. Ke3 Kf6 51. Kd3 Na4 52. Bb5 Nb6 53. a4 a5 54. Bc6 h6 55. Bf3 Ke5 56. Kc3 Nxa4+ 57. Kc4 Kd6 58. Kb5 Nb2 59. Kxa5 Ke5 60. Kb5 Kd4 61. g4 Nd3 62. g5 hxg5 63. h6 Ne5 64. h7 Ng6 65. Bd1 c4 66. Kb4 Kd3 67. Bg4 Nh8 68. Ka3 Kd2 69. Bf5 c3 70. Kb3 0-1

[Event "TUR Cup										"]
[Site "Antalya"]
[Date "2018.01.27"]
[Round "1"]
[White "Ermis, Mehmet Eren"]
[Black "Sari, Engin"]
[Result "1-0"]
[WhiteElo "1917"]
[BlackElo "1437"]
[PlyCount "63"]
[EventDate "2018.01.27"]
[EventType "swiss"]
[EventRounds "11"]
[EventCountry "TUR"]
[SourceTitle "CBM 182 Extra"]
[Source "ChessBase"]
[SourceDate "2018.02.23"]
[SourceVersion "1"]
[SourceVersionDate "2018.02.23"]
[SourceQuality "1"]

1. e4 Nc6 2. d4 e5 3. Nf3 exd4 4. Nxd4 Nf6 5. Nxc6 bxc6 6. e5 Nd5 7. c4 Nb6 8. Bd3 Bb4+ 9. Bd2 Qe7 10. 0-0 Bb7 11. Nc3 h5 12. Re1 0-0-0 13. Qc2 h4 14. a3 Bc5 15. b4 Bd4 16. c5 Bxc3 17. Qxc3 Nd5 18. Qd4 h3 19. g3 f6 20. Re2 fxe5 21. Rxe5 Qf7 22. Rf5 Nf6 23. Bg5 Rdf8 24. Bxf6 gxf6 25. Bf1 Qe6 26. Rf3 d6 27. Bc4 d5 28. Re3 Qf7 29. Bd3 Kb8 30. Rae1 Bc8 31. Re7 Qh5 32. Qf4 1-0

[Event "Ankara Baskent Univ op 2nd"]
[Site "Ankara"]
[Date "2017.07.02"]
[Round "4"]
[White "Sari, Engin"]
[Black "Ozcan, Berk"]
[Result "0-1"]
[WhiteElo "1510"]
[BlackElo "1521"]
[PlyCount "62"]
[EventDate "2017.06.30"]
[EventType "swiss"]
[EventRounds "9"]
[EventCountry "TUR"]
[SourceTitle "CBM 179 Extra"]
[Source "ChessBase"]
[SourceDate "2017.08.23"]
[SourceVersion "1"]
[SourceVersionDate "2017.08.23"]
[SourceQuality "1"]

1. e4 c5 2. d4 cxd4 3. c3 d3 4. Qxd3 Nc6 5. Na3 d6 6. Be3 Nf6 7. 0-0-0 g6 8. f4 Bg7 9. Nf3 0-0 10. Qc2 Qa5 11. Bd3 Bd7 12. Kb1 Rab8 13. Nc4 Qc7 14. Nd4 b5 15. Nd2 a6 16. h3 Rfc8 17. g4 Qb7 18. N2b3 Nb4 19. Qe2 Nxd3 20. Qxd3 Qxe4 21. Qxe4 Nxe4 22. f5 b4 23. cxb4 Rxb4 24. Nc2 Rbb8 25. fxg6 hxg6 26. Rhe1 f5 27. Bd4 e5 28. Bg1 Kf7 29. Ne3 Be6 30. gxf5 gxf5 31. Nd2 Nc3+ 0-1